000 00846nam a2200217Ia 4500
003 GCL
008 140319s9999 xx 000 0 ara d
020 _a5649201977
040 _aGCL /
_cGCL
082 0 4 _aق
_b320.120962
_bع ح
100 1 _aعبدالعظيم رمضان
245 1 0 _aالحدود المصرية السودانية عبر التاريخ /
_cعبدالعظيم رمضان
260 _aالقاهرة :
_bالهيئة المصرية العامة للكتاب ،
_c1999
300 _a541 ص ؛
_c22 سم
490 _aتاريخ المصريين
_v164
650 0 4 _aمصر - تاريخ - العصر الحديث
650 0 4 _aالسودان - الحدود السياسية
650 0 4 _aمصر - الحدود السياسية
650 0 4 _aمصر - العلاقات الخارجية - السودان
942 _2ddc
_cBK
999 _c50827
_d50827